• 首页
  • 本馆介绍
  • 公告通知
  • 最新文献
  • 馆藏检索
  • 电子资源
  • 读者导购
  • 参考咨询
  • 我的图书馆
  • 登录
  • 详细信息显示
  • 放入我的书架
  • 预约/预借图书
  • 作者相关作品
  • 分类相关作品
  • 丛书相关作品
  • 出版社相关作品

书目信息

  • 表格格式
  • 工作单格式
  • 卡片格式
题名:
原子能讲座
    
 
作者: ;中央人民广播电台科技组 , 科学普及出版社编辑部 编
分册:  
出版信息: 北京   科学普及出版社  1981.1
页数: 30页
开本: 19cm
丛书名:
单 册:
中图分类: TL1
科图分类:
主题词: 核技术--基础理论
电子资源:
ISBN:
000 00702nam0 2200205 45
001 0181013456
005 20060427161143.68
010    @dCNY0.12
091    @a13051.1150
100    @a20810111d km y0chiy0120 ea
101 0  @achi
200 1  @a原子能讲座@Ayuan zi neng jiang zuo@e科学广播@f中央人民广播电台科技组,科学普及出版社编辑部编@Fke xue pu ji chu ban she dian
210    @a北京@c科学普及出版社@d1981.1
215    @a30页@c图表@d19cm
606 0  @a核技术@x基础理论
690    @aTL1@v4
711  0 @a中央人民广播电台科技组@Azhong yang ren min guang bo dian tai ke ji zu@4编
711  0 @a科学普及出版社编辑部@Ake xue pu ji chu ban she bian ji bu@4编
801    @aCN@bTSTC@c20060427
905    @dTL1@e9
    
    原子能讲座:科学广播/中央人民广播电台科技组,科学普及出版社编辑部编.-北京:科学普及出版社,1981.1
    30页:图表;19cm
    
    
    ISBN :CNY0.12
    
●
相关链接 在E读中查询图书 在五车中查询图书 在当当中查询图书 在豆瓣中查询图书


正题名:原子能讲座     索取号:TL1/9         预约/预借

序号 登录号 条形码 馆藏地/架位号 状态 备注
1 0057304   202298094   密集书库/ [索取号:TL1/9] 在馆    
2 0057305   202298129   密集书库/ [索取号:TL1/9] 在馆    
3 0057306   202298138   密集书库/ [索取号:TL1/9] 在馆    
4 0057307   202291625   密集书库/ [索取号:TL1/9] 在馆    
5 0057308   202291634   密集书库/ [索取号:TL1/9] 在馆    
6 0057309   001366890   第二样本阅览室/ [索取号:TL1/9] 在馆    
7 0057310   202291652   密集书库/ [索取号:TL1/9] 在馆    
8 0057311   202291698   密集书库/ [索取号:TL1/9] 在馆    
唐山师范学院图书馆 欢迎您!
大连网信软件有限公司© 版权所有